000 00770nam a2200205Ia 4500
003 GCL
008 140319s9999 xx 000 0 ara d
040 _aGCL /
_cGCL
082 0 4 _aد
_b050
_bد هـ
245 1 0 _aالهلال نوفمبر 2003 : العالم الاسلامى صراع وعنف وتوتر
260 _aالقاهرة :
_bدار الهلال للطباعة والنشر ،
_c2003
650 0 4 _aالاحوال السياسية
650 0 4 _aاللاجئون الفلسطينيون
650 0 4 _aالشعر العربى - دواوين وقصائد
650 0 4 _aالاسلام والانترنت
650 0 4 _aشهر رمضان - ثبوت الرؤية
650 0 4 _aحلقات الذكر
650 0 4 _aالمخابرات - مصر
942 _2ddc
_cCR
999 _c6740
_d6740